Plan de negocios para la creación del taller mecánico automotriz con servicios en carreteras
El estudio presenta un plan de negocios para la creación del taller mecánico automotriz, determina las variables influyentes en el proyecto mediante un análisis de la situación actual del entorno y la industria automotriz, define la propuesta de valor del negocio por medio del del desarrollo de...
| Main Authors: | , , |
|---|---|
| Other Authors: | |
| Format: | Tesis Section = Libro |
| Language: | Undetermined Spanish |
| Published: |
Managua
UNI
2020
|
| Subjects: |
| LEADER | 01491nam a2200265Ia 4500 | ||
|---|---|---|---|
| 008 | 240830s9999 xx 000 0 und d | ||
| 040 | |a BIBLIOTECA-RUPAP Mon 658.11 B516 | ||
| 041 | |a spa | ||
| 082 | |a Mon 658.11 B516 | ||
| 100 | 1 | |a Bermúdez Espinoza, Francisco Javier | |
| 100 | 1 | |b Rivas Fuentes, Mario José | |
| 100 | 1 | |c Vargas Pérez, Jorge Isaac | |
| 245 | 1 | 0 | |a Plan de negocios para la creación del taller mecánico automotriz con servicios en carreteras |
| 260 | |a Managua |b UNI |c 2020 | ||
| 300 | |a 117p. :il. | ||
| 500 | |a Contiene: anexos y CD. | ||
| 502 | |a Tesis (Ingeniero de Sistemas)- UNI, 2020. | ||
| 520 | 3 | |a El estudio presenta un plan de negocios para la creación del taller mecánico automotriz, determina las variables influyentes en el proyecto mediante un análisis de la situación actual del entorno y la industria automotriz, define la propuesta de valor del negocio por medio del del desarrollo del plan de marketing, establece los elementos técnicos-operativos que garanticen el funcionamiento del negocio, define plan de impacto ambiental derivado de la instalación y actividad del taller una vez puesto en marcha, elabora el plan financiero que permita la evaluación y rentabilidad económica y financiera del negocio. | |
| 650 | 7 | |a NUEVOS NEGOCIOS-PROYECTOS | |
| 650 | 7 | |b PLANIFICACION EMPRESARIAL | |
| 650 | 7 | |c ESTRATEGIA ADMINISTRATIVA | |
| 700 | 1 | |a Tutor: |b Orozco Miranda, Hazzely | |
| 942 | |c BK |2 ddc | ||
| 991 | |a TESIS | ||
| 999 | |c 16857 | ||